| 000 | 00921cam a2200265 4500 | ||
|---|---|---|---|
| 001 | J85067 | ||
| 008 | 090401t1997 xxu||||| |||| 00| 0 eng d | ||
| 035 | _a(Sirsi) u79485 | ||
| 041 | _aeng | ||
| 050 | _a692.8 | ||
| 110 |
_aJoint Contracts Tribunal _93664 |
||
| 245 | _aStandard Form of Building Contract 1980 edition ... Amendment 17 and guidance note issued May 1997 : joint code of practice on the protection from fire of contruction sites and buildings undergoing renovation. | ||
| 260 |
_aLondon _bRIBA Publications _c1997 |
||
| 300 | _a8p. ; 30cm. | ||
| 350 | _a1.4 | ||
| 650 | _aAMENDMENT 17 | ||
| 650 | _aBUILT ENVIRONMENT-BUILDING CONTRACT FORMS | ||
| 650 | _aFIRE PROTECTION | ||
| 650 | _aJCT STANDARD FORM OF BUILDING CONTRACT (1980 EDITION) | ||
| 650 | _aJOINT FIRE CODE | ||
| 650 | _aRENOVATIONS | ||
| 690 | _aBUILT ENVIRONMENT-BUILDING CONTRACT FORMS | ||
| 942 | _n0 | ||
| 948 | _c08/07/1997 | ||
| 999 |
_c96542 _d96542 |
||